| 000 | 00777nam a2200241 a 4500 | ||
|---|---|---|---|
| 001 | BRCA_4088 | ||
| 005 | 20190320204536.0 | ||
| 008 | 180210s1944----nyua######---#000-0#eng-# | ||
| 041 | _aeng | ||
| 044 | _anyu | ||
| 050 | 4 |
_aN620 _b.A78 1944 |
|
| 245 | 1 | 0 |
_aArt in Progress _ba Survey Prepared for the Fifteenth Anniversary of the Museum of Modern Art, New York. |
| 260 |
_aNueva York _bMuseum of Modern Art _c1944 |
||
| 300 |
_a255 p. _bil. (algunas a color), 180 láminas _c25 cm. |
||
| 500 | _aCEF57 | ||
| 650 | 1 | 4 |
_aArte _vExposiciones _96285 |
| 650 | 1 | 4 |
_aGalerías y museos _zEstados Unidos _97437 |
| 650 | 1 | 4 |
_aArte _zNueva York _910583 |
| 650 | 1 | 4 |
_aArte moderno _ySiglo XX _91863 |
| 710 | 2 |
_aMuseum of Modern Art (Nueva York) _910584 |
|
| 902 | _aGFM | ||
| 942 |
_2lcc _cB |
||
| 999 |
_c3810 _d3810 |
||